Filosofía de la educación: exámen de sus problemas fundamentales
Guardat en:
| Autor principal: | |
|---|---|
| Format: | Llibre |
| Idioma: | espanyol |
| Publicat: |
Buenos Aires
El Ateneo
1955
|
| Matèries: | |
| Etiquetes: |
Afegir etiqueta
Sense etiquetes, Sigues el primer a etiquetar aquest registre!
|
MARC
| LEADER | 00000nam a2200000 a 4500 | ||
|---|---|---|---|
| 001 | UCY4864 | ||
| 003 | CL-VaPUC | ||
| 008 | 950404e19550000AG |||||||||||||||||spa|d | ||
| 082 | 0 | 4 | |a 370.1 |b CUN |2 21 |
| 100 | 0 | |a Cunningham, William F |e author |9 333384 | |
| 245 | 1 | 0 | |a Filosofía de la educación: exámen de sus problemas fundamentales |
| 942 | |c BK | ||
| 945 | |d 19950404 00:00:00 |a rbrito | ||
| 260 | |a Buenos Aires |b El Ateneo |c 1955 | ||
| 650 | 0 | |a Filosofía de la educación |9 258384 | |
| 583 | |a last modification |c 19950404 00:00:00 |k Rodrigo Vera | ||
| 999 | |c 232619 |d 232617 | ||
| 952 | |0 0 |1 0 |4 0 |6 370_100000000000000_CUN_1955 |7 0 |8 P |9 237361 |a BIBEDU |b BIBEDU |c BIBEDU_PB |d 2019-11-15 |i 3072320 |o 370.1 CUN 1955 |p 3072320 |r 2024-01-25 |w 2019-11-15 |y BK |k EDU | ||
| 952 | |0 0 |1 0 |4 0 |6 370_100000000000000_CUN_1955 |7 0 |8 P |9 237362 |a BIBEDU |b BIBEDU |c BIBEDU_PB |d 2019-11-15 |i 3072339 |o 370.1 CUN 1955 |p 3072339 |r 2024-01-25 |w 2019-11-15 |y BK |k EDU | ||